Normal view
MARC view
- الجودو - القرن الحادي والعشرين - الرياضة
Entry Topical Term
001 - CONTROL NUMBER
- control field: 15476
003 - CONTROL NUMBER IDENTIFIER
- control field: JO-AjAnu
005 - DATE AND TIME OF LATEST TRANSACTION
- control field: 20230606072753.0
008 - FIXED-LENGTH DATA ELEMENTS
- fixed length control field: 230606|| aca||aabn | a|a d
040 ## - CATALOGING SOURCE
- Original cataloging agency: JO-AjAnu
- Transcribing agency: JO-AjAnu
150 ## - HEADING--TOPICAL TERM
- Topical term or geographic name entry element: الجودو - القرن الحادي والعشرين - الرياضة
670 ## - SOURCE DATA FOUND
- Source citation: Work cat.: (JO-AjAnu)7947: عبد الرؤوف، ياسر يوسف, author 15475, رياضة الجودو والقرن الحادي والعشرين